The (American) Bean Quiz - Statistics

General Stats
  • This quiz has been taken 11 times
  • The average score is 6 of 10
Answer Stats
Hint Answer % Correct
A pale type of bean named after a branch of the military, notably used in Senate bean soup {Navy} Bean
82%
A traditionally sweet dish consisting of primarily beans and named after the method by which it is cooked {Baked} Beans
73%
A bean that has been harvested before it is ripe {Green} Bean
73%
Beans that have been cooked or soaked, then crushed and then cooked again {Refried} Beans
73%
A type of bean commonly used in hummus and falafel Chickpea
64%
A spicy Mexican stew often containing beans Chili
55%
A pale, brownish-pink variety of bean popular in northern Mexico and the southern United States {Pinto} Bean
55%
A type of bean thought to bring luck by eating it on New Year's Day Black-Eyed Pea
45%
Black beans are commonly used as a meatless patty alternative in this food Hamburger
45%
A Mexican dish consisting of the above beans stewed with (most typically) onion, garlic, and bacon {Charro} Beans
27%
No matching quizzes found
Score Distribution
Percent of People with Each Score
Percentile by Number Answered
Your Score History
You have not taken this quiz